Quizzes
Events
Quiz Creation
Community
Videos
Private Events
Remove Ads
Sign In
Join for FREE
Feedback
Dark Mode
Quiz Categories
Sports
Geography
Music
Movies
Television
Just For Fun
Miscellaneous
History
Literature
Language
Science
Gaming
Entertainment
Religion
Holiday
For Kids
Quiz Lab
Recent
Popular Today
Quiz Kudos Today
Editor Picks
Curator Picks
Quizzes by...
Day
Popularity
Type
Ratings
Length
Year
Community
Subscriptions
Recent Discussions
Orange Saloon
Badges
Playlists
Quests
Create
Leaderboards
Showdown
Live 5
Trivia Bingo
Activity
Puzzle Library
Sporcle Events
Private Events
Virtual Trivia
Globe League
Become a Host
Pub Owners
SporcleCon
Opinionation
Our Games
Videos
Blog
Mobile Apps
Partnerships
Remove Ads and Go Orange
Feedback
Sports
Athletes
MLB
NBA
NHL
NFL
Soccer
Sports Teams
WWE
NCAA
Football
Premier League
Basketball
Baseball
Hockey
Golf
Tennis
Cricket
Rugby
Auto Racing
Olympics
World Cup
Sports
Athletes
MLB
NBA
NHL
NFL
Soccer
Sports Teams
WWE
NCAA
Football
Premier League
Basketball
Baseball
Hockey
Golf
Tennis
Cricket
Rugby
Auto Racing
Olympics
World Cup
Random Quiz
Search Sporcle
×
Editor Pick
Editor Pick
Sports
NFL
Type in answers that appear in a list
Type in answers that appear in a list
Classic
Best Score? Go Orange.
NFL Top 5 in MVP Votes by Franchise Stats
Can you name the the NFL players that have received the most MVP votes for each franchise since 1970?
By
Alex951998
12m
116 Questions
12.3K Plays
12,268 Plays
12,268 Plays
Comments
Comments
Give Quiz Kudos
Give Quiz Kudos
-
- Ratings
hide this ad
More Info
Replay
Link that replays current quiz
Next Quiz
Link to next quiz in quiz playlist
You Got
0%
They Got
Avg Score
63%
Avg Friend Score
Upgrade to see
Score Distribution
Jump to the score distribution portion of the page
Score
0/116
Timer
12:00
0
Plays Today
Team
Player
% Correct
Broncos
Peyton Manning
97.3%
Colts
Peyton Manning
97.3%
Cowboys
Emmitt Smith
95.1%
Bills
Bruce Smith
95%
Cardinals
Kurt Warner
93.5%
Rams
Kurt Warner
93.5%
Broncos
John Elway
93.4%
Patriots
Tom Brady
92.9%
49ers
Joe Montana
92.6%
Bears
Walter Payton
92.3%
Packers
Brett Favre
92.2%
Dolphins
Dan Marino
91.6%
Saints
Drew Brees
91.3%
49ers
Steve Young
91.3%
Packers
Aaron Rodgers
90.1%
Chargers
LaDainian Tomlinson
89.9%
49ers
Jerry Rice
89.8%
Lions
Barry Sanders
89.3%
Lions
Charlie Sanders
89%
Chargers
Philip Rivers
88.9%
Ravens
Ray Lewis
88.6%
Ravens
Jamal Lewis
88.4%
Bills
Jim Kelly
88.3%
Cowboys
Troy Aikman
87.9%
Browns, Buccaneers, Jets & Texans
JJ Watt
87.5%
Vikings
Adrian Peterson
86.9%
Eagles
Donovan McNabb
86.8%
Giants
Lawrence Taylor
85.9%
Steelers
Terry Bradshaw
85.8%
Chiefs
Otis Taylor
85.6%
Bears
Brian Urlacher
85.5%
Bengals
Carson Palmer
85.4%
Broncos
Terrell Davis
84.6%
Titans/
Oilers
Chris Johnson
84%
Rams
Marshall Faulk
83.7%
Bills
Thurman Thomas
83.2%
Seahawks
Shaun Alexander
83.1%
Giants
Tiki Barber
81.3%
Bills
OJ Simpson
80.8%
Team
Player
% Correct
Browns, Buccaneers, Jets & Texans
Joe Namath
80.5%
Cowboys
Roger Staubach
79.4%
Bengals
Ken Anderson
79.3%
Falcons
Jamal Anderson
79.2%
Eagles
Randall Cunningham
79.1%
Vikings
Randall Cunningham
79.1%
Bengals
Boomer Esiason
79%
Chargers
Dan Fouts
78.2%
Titans/
Oilers
Steve McNair
78%
Raiders
Rich Gannon
77.5%
Chiefs
Priest Holmes
77.3%
Falcons
Michael Vick
77.1%
Titans/
Oilers
Warren Moon
76.9%
Steelers
Jerome Bettis
76.8%
Giants
Phil Simms
75.1%
Titans/
Oilers
Eddie George
74.4%
Colts
Edgerrin James
73.4%
Chiefs
Marcus Allen
73.2%
Raiders
Marcus Allen
73.2%
Dolphins
Bob Griese
71.5%
Rams
Eric Dickerson
69.6%
Cowboys
Danny White, Tony Romo, & DeMarco Murray
67.6%
Browns, Buccaneers, Jets & Texans
Derrick Brooks
66%
Redskins
Joe Theismann
65.8%
Falcons
Michael Turner
65.7%
Chargers
Kellen Winslow
65.4%
Vikings
Fran Tarkenton
64.6%
Titans/
Oilers
Earl Campbell
64.6%
Raiders
Ken Stabler
64.5%
Cowboys
Tony Dorsett
62.6%
Eagles
Ron Jaworski
60.8%
Steelers
Kordell Stewart
59%
Dolphins
Larry Csonka
58.8%
Bears
Dick Butkus
58.1%
Colts
Bert Jones
58.1%
Rams
John Hadl & Harold Jackson
57.8%
Broncos
Lyle Alzado & Tom Jackson
57.3%
49ers
Roger Craig
56.9%
Seahawks
Steve Largent
56.8%
Team
Player
% Correct
Packers
Sterling Sharpe
54.8%
Redskins
Mark Rypien
52.7%
Colts
Jim Harbaugh
50.8%
Chiefs
Len Dawson & Willie Lanier
50.2%
Seahawks
Bobby Wagner
47.7%
Dolphins
Chad Pennington
47.1%
Raiders
Daryle Lamonica & Ray Guy
46.9%
Raiders
George Blanda
45.1%
Steelers
Jack Lambert
43.1%
Patriots
Tony Eason
42.5%
Giants
Joe Morris
41.5%
Browns, Buccaneers, Jets & Texans
Brian Sipe
40.4%
Redskins
Larry Brown
40.1%
Giants
Mark Bavaro
38.7%
Seahawks
Jim Zorn
37%
Patriots
Steve Grogan
36.6%
Packers
Don Majkowski
34.2%
Falcons
Steve Bartkowski
33.1%
Broncos
Craig Morton
32.9%
Seahawks
Cortez Kennedy
31.5%
Vikings
Alan Page
31.3%
Dolphins
Earl Morrall
31.2%
Eagles
Harold Carmichael
29.7%
Saints
George Rogers
27.4%
49ers
John Brodie
26.9%
Eagles
Wilbert Montgomery & Seth Joyner
26.8%
Steelers
Barry Foster
26.5%
Redskins
Mark Moseley
24.3%
Chiefs
Steve DeBerg
24.1%
Rams
Merlin Olsen
23.7%
Vikings
Chuck Foreman
21.4%
Redskins
Billy Kilmer
20.5%
Chargers
Chuck Muncie
19.4%
Colts
Lydell Mitchell
17.8%
Lions
Greg Landry
13.5%
Cardinals
Terry Metcalf
10.1%
Packers
Chester Marcol
5.7%
Lions
Mike Lucci
2.3%
Quiz Playlist
Details
Report
Send in Message
Add To Playlist
More Info:
Post-merger (1970) MVPs only. Years listed are seasons when the player received at least one MVP vote. *: Player won MVP at least once.
Classic:
Type in answers that appear in a list
Quiz Source
Last Updated: May 7, 2017
Editor Pick in
Sports
Curator Pick in
NFL
,
Football
Quiz Scoreboard
CHALLENGE
Sign Up to Join the Scoreboard
Show All
Scores
Hide
Comments
May contain spoilers
Recently Published
College Basketball Coaching Resumes
by pancakes188
Sports
9m
Billboard Blitz: Fleetwood Mac
by CooCooCachoo
Music
15s
Presidents Visiting Landmarks
by Hejman
History
7m
More to Explore
Quiz From the Vault
Featured Blog Post
Where Did the Easter Bunny Come From?
hide this ad
You Might Also Like...
Tags
Football Quiz
NFL Quiz
1970s
franchise
MVP
Player
Received
team
Vote
Today's Top Quizzes in Sports
Browse Sports
hide this ad
Today's Top Quizzes in NFL
Browse NFL
Top Contributed Quizzes in Sports
1
Les meilleurs buteurs des matchs entre le PSG et l’OM
2
2022 World Cup Stars
3
FIFA Club World Cup Champions
4
Les entraîneurs de l'OM et du PSG au 21e siècle
5
Criteria MLB: Left Handed Sluggers
6
AFC Teams Reveal (Wrong Answers Minefield)
7
5-to-1: UK Sports Teams
8
Name the Premier League winners with different clubs
9
5-to-1: FBS Animal Nicknames
10
Players with Multiple 50 Home Run Seasons
Explore More
Trending Topics
Marvel
Kpop
Harry Potter
Disney
Crossword
Anime
NBA
Soccer
The Office
Song
Pokémon
Country
WWE
NFL
Puzzle
hide this ad
More By:
Alex951998
Quiz
Plays
Rating
Category
Featured
Created
100 Billboard Artists (1980)
153,954
4.28
Music
Nov 19, 2010
Top 100 Bands (1985)
119,954
4.63
Music
Dec 12, 2010
Top 100 Bands (1984)
102,651
4.68
Music
Dec 6, 2010
Top 100 Bands (1983)
101,750
4.68
Music
Nov 30, 2010
Top 100 Bands (1987)
81,131
4.47
Music
Dec 18, 2010
Go to Creator's Profile
Score Distribution
Quiz Creator Spotlight
Alex951998
Follow
Send a Message
Quizzes Created
-
Created Quiz Play Count
-
More By This Creator
Popular Quizzes Today
1
Find the US States - No Outlines Minefield
2
Find the Countries of Europe - No Outlines Minefield
3
The Countries of the World
4
Find the US States
5
Risky Map Clicking: Biggest States A-Z
6
US States
7
Popular People in 1961
8
Movies - When Are They Set?
More Sports Quizzes
2011 NBA Draft - 1st Round
Quiz Lab
Trending Quizzes
Risky Map Clicking: Least Populous States A-Z
1-10 Letter G Words
1-10 Letter F Words
Risky Map Clicking: Next State Alphabetically
Risky Map Clicking: Biggest States A-Z
Recently Updated
Leaping Animals
pecheneg
Reality TV Shows (A-Z)
bhenderson79
Rickey Henderson's Hall of Fame Teammates
pecheneg
Champions League XIs: Arsenal
pecheneg
Quick Pick: Celebrities in WWE's Hall of Fame
aduchscher
A-Z Keypad Blitz II
pecheneg
Multiple Oscar Actors
pecheneg
Mystery Phrase Blitz: Oscar 'Best Actors'
pecheneg
F. Scott Fitzgerald Novels
LTH
Pick 3 Villains
ddd62291
Trending Topics
Kpop
Marvel
Disney
Crossword
Anime
Harry Potter
NBA
Soccer
Song
Pokémon
The Office
Country
WWE
NFL
Puzzle
Your Account Isn't Verified!
In order to create a playlist on Sporcle, you need to verify the email address you used during registration. Go to your
Sporcle Settings
to finish the process.
Report this User
Report this user for behavior that violates our
Community Guidelines
.
Details:
Send Report
Go to the Sporcle.com Mobile Site →
Comments